| 000 | 00531cas a22002175a 4500 | ||
|---|---|---|---|
| 001 | L98885 | ||
| 008 | 070619c1975 xxkbr p 0 a0eng | ||
| 022 | 1 | _a0307-6911 | |
| 035 | _a(Sirsi) u98885 | ||
| 041 | 0 | _aeng | |
| 245 | 0 | 0 | _aRoof |
| 260 |
_aLondon _bShelter _c1975- |
||
| 510 | 2 |
_aKnowledge Alert _c2006 |
|
| 520 | _aKept for one year | ||
| 554 | _aSix per year | ||
| 651 | 4 |
_aUnited Kingdom _y |
|
| 690 |
_aResidential property _96266 |
||
| 856 | 4 | 8 | _uhttps://www.roofmag.org.uk |
| 942 | _n0 | ||
| 948 | _c16/08/1994 | ||
| 999 |
_c118559 _d118559 |
||